Obfuscations of Anime Titles - Statistics

General Stats
  • This quiz has been taken 73 times
  • The average score is 23 of 44
Answer Stats
Hint Answer % Correct
Kill Book Death Note
98%
Boruto's Dad Naruto
98%
Clorox Bleach
93%
Single Slice One Piece
89%
Single Hit Guy One Punch Man
86%
Oni Slasher Demon Slayer
84%
Ranger x Ranger Hunter x Hunter
84%
Gojo Jujutsu Kaisen
84%
Assault on Giant Attack on Titan
82%
Pocket Monsters Pokemon
80%
Mythical Lizard Balls Dragon Ball
77%
Culinary Conflicts Food Wars
70%
Killer School Room Assassination Classroom
68%
Ebony Shamrock Black Clover
68%
Complete Steel Holistic Practitioner Full Metal Alchemist
66%
Japanese Poem!! Haikyu!!
64%
Skyscraper of Jesus Tower of God
61%
XP Farming Solo Leveling
59%
Essence Muncher Soul Eater
59%
Outlaw Rhapsody Cowboy Bebop
57%
Good Guy School My Hero Academia
57%
A Sworn Peter Pan Place A Promised Neverland
52%
Gremlin Killer Goblin Slayer
52%
Greenland Epic Vinland Saga
52%
That time I oozed from another world That Time I Got Reincarnated as a Slime
50%
Septuple Mistakes That Will Kill You Seven Deadly Sins
48%
Okinawa Zombies Tokyo Ghoul
48%
Pixie Back-appendage Fairy Tail
46%
Cloak & Dagger Activities With Relatives Spy x Family
43%
Boo Books Ghost Stories
36%
Lumberjack Dude Chainsaw Man
34%
Strange Uber Odd Taxi
34%
Bicycle Glock Trigun
32%
Kagome's Boyfriend Inuyasha
29%
Deathrow and Roller Coasters Deadman Wonderland
25%
Citrus Container Fruits Basket
25%
Growing of the Barricade idol Rising of the Shield Hero
21%
Katana Wielding Blender Samurai Champloo
20%
Nappy Headed Ninja Afro Samurai
18%
"The Help" Black Butler
18%
Above God Overlord
18%
Pirate Celestial Body Sailor Moon
18%
Aqua Optical Warrior Blue Eye Samurai
11%
Audio Track of the Apocalypse Record of Ragnarok
5%
No matching quizzes found
Score Distribution
Percent of People with Each Score
Percentile by Number Answered
Your Score History
You have not taken this quiz